000 00531nam a2200181Ia 4500
008 090124s9999 xx 000 0 und d
082 _b41670
100 _aवैद्य सुरेश
245 _a काटेरी
250 _a1
260 _b"शांती पब्लिकेशन्स, पुणे"
_c2002
300 _a256
600 _aवैद्य सुरेश
630 _a काटेरी
700 _aवैद्य सुरेश
730 _a काटेरी
942 _cBOOK
999 _c107846
_d107846